| Поле | Название | Значение |
| |
Тип записи |
a |
| |
Библиографический уровень |
m |
| 001 |
Контрольный номер |
UONB/MAIN/e3fc9d76fb284648a5669de28b04e0f8 |
| 005 |
Дата корректировки |
20260428163536.6 |
| 010 |
Индекс ISBN |
__ |
| d |
Цена |
64 к. |
| 9 |
Тираж |
25000 экз. |
| b |
Уточнения |
в пер. |
| 100 |
Данные общей обработки |
__ |
| a |
Данные общей обработки |
20260428d1963 u y0rusy018902 ca |
| 101 |
Язык документа |
1_ |
| a |
Язык текста |
rus |
| c |
Язык оригинала |
grc |
| 102 |
Страна публикации |
__ |
| a |
Страна публикации |
RU |
| 105 |
Кодированные данные (монография) |
__ |
| a |
Кодированные данные (монография) |
a z 000gy |
| 200 |
Заглавие и сведения об ответственности |
1_ |
| a |
Заглавие |
Эллинские поэты |
| f |
Первые сведения об ответственности |
в переводах В. В. Вересаева |
| g |
Последующие сведения об ответственности |
под общей редакцией С. Апта [и др.] |
| g |
Последующие сведения об ответственности |
предисловие Н. Сахарного |
| g |
Последующие сведения об ответственности |
комментарии В. Вересаева [и др.] |
| 203 |
Вид содержания и тип средства |
__ |
| a |
Вид содержания |
Текст |
| b |
Характеристика содержания |
визуальный |
| c |
Тип средства |
непосредственный |
| 210 |
Выходные данные |
1_ |
| a |
Место издания |
Москва |
| c |
Издательство |
Гослитиздат |
| d |
Дата издания |
1963 |
| 215 |
Физическое описание |
__ |
| a |
Объем |
407 с. |
| c |
Иллюстрации/тип воспроизводства |
ил. |
| d |
Формат |
22 см |
| 225 |
Серия |
1_ |
| a |
Серия |
Библиотека античной литературы |
| i |
Наименование части |
Греция |
| 606 |
Тематические рубрики |
0_ |
| a |
Основная рубрика |
Поэзия (х. л.) |
| 610 |
Ключевые слова |
0_ |
| a |
Ключевые слова |
поэзия античная; античная поэзия греческая; греческая поэзия |
| 686 |
Индексы других классификаций |
__ |
| a |
Классификационный индекс |
84А |
| 2 |
Код системы |
rubbk |
| 702 |
Вторичная интеллектуальная ответственность |
_1 |
| a |
Фамилия |
Вересаев |
| b |
Имя (инициалы) |
В. В. |
| g |
Полное личное имя |
Викентий Викентьевич |
| 4 |
Код отношения |
730 |
| 4 |
Код отношения |
210 |
| 702 |
Вторичная интеллектуальная ответственность |
_1 |
| a |
Фамилия |
Апт |
| b |
Имя (инициалы) |
С. К. |
| g |
Полное личное имя |
Соломон Константинович |
| f |
Даты |
1921-2010 |
| 4 |
Код отношения |
340 |
| 702 |
Вторичная интеллектуальная ответственность |
_1 |
| a |
Фамилия |
Сахарный |
| b |
Имя (инициалы) |
Н. |
| 4 |
Код отношения |
080 |
| 801 |
Источник записи |
_0 |
| a |
Страна |
RU |
| b |
Организация |
Ульяновская ОНБ |
| c |
Дата составления |
20260428 |
| g |
Правила каталогизации |
RCR |
| 801 |
Источник записи |
_1 |
| a |
Страна |
RU |
| b |
Организация |
Ульяновская ОНБ |
| c |
Дата составления |
20260428 |
| g |
Правила каталогизации |
RCR |
| 901 |
Тип документа |
__ |
| t |
Тип документа |
m |
| 909 |
Создатель записи |
__ |
| a |
Создатель записи |
Мартьянова |
| b |
Дата создания записи |
20260428 |